Ninja's "It's Just a Game" Tweet - Statistics

General Stats
  • This quiz has been taken 11 times
  • The average score is 21 of 44
Answer Stats
Answer % Correct
A a
100%
A a
100%
A a
100%
G game
100%
I it's
100%
J just
100%
T The
90%
Y You
90%
Y you
90%
I is
70%
M mindset
70%
P phrase
70%
S such
70%
W weak
70%
A are
60%
W when
50%
A always
40%
A always
40%
A and
40%
L lost
40%
N never
40%
O of
40%
A after
30%
F for
30%
L losing
30%
L losing
30%
S stop
30%
T to
30%
T twice
30%
W with
30%
Y you've
30%
A angry
20%
C craft
20%
G getting
20%
H happened
20%
I imperfection
20%
I improvement
20%
L learn
20%
O ok
20%
R room
20%
S settle
20%
S something
20%
T There's
20%
W what
20%
No matching quizzes found
Score Distribution
Percent of People with Each Score
Percentile by Number Answered
Your Score History
You have not taken this quiz